Alle Bahnhöfe der Paartalbahn (Ingolstadt - Augsburg) - Statistiken

Allgemein
  • Dieses Quiz wurde 14 mal gespielt
  • Das Durchschnittsergebnis liegt bei 9 aus 15
Antwortstatistiken
Tipp Antwort % Korrekt
Der erste nicht elektrifizierte Bahnhof Friedberg
92%
End Bahnhof einiger Züge, mit Abstellgleis Aichach
83%
Größte Stadt dieser Strecke Augsburg Hauptbahnhof
75%
Einziger Bahnhof mit Trafoabstellgleis Dasing
75%
2. Fernverkehrs Halt dieser Strecke Ingolstadt Hauptbahnhof
75%
Größte Stadt diese Landkreises Schrobenhausen
75%
Nach einer Straße dieser Stadt benannt Augsburg Haunstetterstraße
67%
Hier zweigt die Strecke von der Münchener Strecke ab Augsburg Hochzoll
67%
Neuster Halt (seit 2020) Brunnen
58%
Letzter Halt im Augsburger Verkehrs Verbund (AVV) Radersdorf
58%
Erster derzeit bedienter Haltepunkt Obergriesbach
50%
Erster Haltepunkt und als Kreuzungsbahnhof geplant (geschlossen) Paar
33%
Nach einem Stadtteil benannt (bis 1974) Augsburg-Spickel
25%
Weiterer ehemaliger Bahnhof, jedoch weit ab von der Gemeinde Hörzhausen
25%
Ehemaliger Bahnhof Pobenhausen
17%
Keine übereinstimmenden Quizze gefunden
Verteilung der Resultate
Anzahl Personen mit jedem Resultat
Perzentil nach korrekt beantworteten Fragen
Ihre Resultats-Entwicklung
Sie haben dieses Quiz noch nicht gespielt